Amit naponta követelhetünk
Elmentve itt :
| Szerző: | |
|---|---|
| Dokumentumtípus: | Cikk |
| Megjelent: |
1984
|
| Sorozat: | Beszélő : politikai és kulturális folyóirat
11 |
| Kulcsszavak: | Politikatudomány, Társadalomtudomány |
| Online Access: | http://misc.bibl.u-szeged.hu/2248 |
| LEADER | 00618nab a2200181 i 4500 | ||
|---|---|---|---|
| 001 | misc2248 | ||
| 005 | 20191106141439.0 | ||
| 008 | 170607s1984 hu o 0|| hun d | ||
| 022 | |a 0865-4093 | ||
| 040 | |a SZTE Miscellanea Repozitórium |b hun | ||
| 041 | |a hun | ||
| 100 | 1 | |a Magyar László | |
| 245 | 1 | 0 | |a Amit naponta követelhetünk |h [elektronikus dokumentum] / |c Magyar László |
| 260 | |c 1984 | ||
| 300 | |a 99-101 | ||
| 490 | 0 | |a Beszélő : politikai és kulturális folyóirat |v 11 | |
| 695 | |a Politikatudomány, Társadalomtudomány | ||
| 856 | 4 | 0 | |u http://misc.bibl.u-szeged.hu/2248/1/beszelo_011_099-101.pdf |z Dokumentum-elérés |